[Event "NOR-ch Blitz"]
[Site "Drammen"]
[Date "2023.01.06"]
[Round "1"]
[White "Tari, Aryan"]
[Black "Nilsen, Martin"]
[Result "1-0"]
[WhiteElo "2653"]
[BlackElo "2042"]
[PlyCount "29"]
[EventDate "2023.01.06"]
[EventType "swiss (blitz)"]
[EventRounds "9"]
[EventCountry "NOR"]
[SourceTitle "CBM 212 Extra"]
[Source "ChessBase"]
[SourceDate "2023.03.31"]
[SourceVersion "1"]
[SourceVersionDate "2023.03.31"]
[SourceQuality "1"]

1. e4 e5 2. Nf3 Nc6 3. d4 exd4 4. Nxd4 Bc5 5. Nxc6 Qf6 6. Qf3 Qxc6 7. Nc3 b6 8. Qg3 Bb7 9. Bb5 Qf6 10. Bf4 c6 11. Bc4 Qg6 12. Qf3 Nf6 13. e5 Nh5 14. Bd3 f5 15. exf6 1-0

[Event "Prague op-A 15th"]
[Site "Prague"]
[Date "2016.01.09"]
[Round "3"]
[White "Ivanov, Mikhail M"]
[Black "Nilsen, Martin"]
[Result "1-0"]
[WhiteElo "2359"]
[BlackElo "2092"]
[PlyCount "71"]
[EventDate "2016.01.08"]
[EventType "swiss"]
[EventRounds "9"]
[EventCountry "CZE"]
[SourceTitle "CBM 170 Extra"]
[Source "ChessBase"]
[SourceDate "2016.02.25"]
[SourceVersion "1"]
[SourceVersionDate "2016.02.25"]
[SourceQuality "1"]

1. Nf3 d5 2. g3 Nf6 3. Bg2 g6 4. c4 c6 5. Qa4 Nbd7 6. cxd5 cxd5 7. d4 Bg7 8. Nc3 0-0 9. 0-0 Nb6 10. Qb3 Ne4 11. Bf4 Bf5 12. Nb5 Nc4 13. Rfc1 a6 14. Nc3 b5 15. a4 Nxc3 16. Qxc3 Qa5 17. Qb3 Qb6 18. Qb4 Rfd8 19. b3 Nd6 20. a5 Qb7 21. Ne5 Rac8 22. g4 Be6 23. h3 Rxc1+ 24. Rxc1 Rc8 25. Nd3 Rxc1+ 26. Bxc1 Qc8 27. Be3 h5 28. Qc5 hxg4 29. Qxc8+ Bxc8 30. hxg4 Bxg4 31. Nb4 Bxe2 32. Nxa6 Nf5 33. Nb4 Bxd4 34. Bxd4 Nxd4 35. a6 Ne6 36. Nxd5 1-0

[Event "Wch U18"]
[Site "Porto Carras"]
[Date "2015.10.28"]
[Round "4"]
[White "Nilsen, Martin"]
[Black "Kessler, Luca"]
[Result "0-1"]
[WhiteElo "2147"]
[BlackElo "2380"]
[PlyCount "48"]
[EventDate "2015.10.25"]
[EventType "swiss"]
[EventRounds "11"]
[EventCountry "GRE"]
[SourceTitle "CBM 169 Extra"]
[Source "ChessBase"]
[SourceDate "2015.12.18"]
[SourceVersion "1"]
[SourceVersionDate "2015.12.18"]
[SourceQuality "1"]

1. e3 Nf6 2. b3 g6 3. Bb2 Bg7 4. f4 0-0 5. Nf3 d6 6. Be2 e5 7. fxe5 Ng4 8. 0-0 Nc6 9. Nc3 dxe5 10. e4 Nd4 11. Bc4 Ne6 12. Qe1 c6 13. h3 Nf6 14. Nxe5 Qd4+ 15. Qf2 Qxe5 16. Na4 Nxe4 17. Qh4 Qg3 18. Qxe4 Ng5 19. Qe2 b5 20. Bxg7 Kxg7 21. h4 Qxh4 22. Qe5+ Kg8 23. Rf4 Qg3 24. Re1 Nh3+ 0-1

[Event "NOR-ch U20"]
[Site "Oslo"]
[Date "2015.07.09"]
[Round "7"]
[White "Mihajlov, Sebastian"]
[Black "Nilsen, Martin"]
[Result "1-0"]
[WhiteElo "2246"]
[BlackElo "2021"]
[PlyCount "169"]
[EventDate "2015.07.04"]
[EventType "swiss"]
[EventRounds "9"]
[EventCountry "NOR"]
[SourceTitle "EXT 2017"]
[Source "ChessBase"]
[SourceDate "2016.10.25"]
[SourceVersion "1"]
[SourceVersionDate "2016.10.25"]
[SourceQuality "1"]

1. d4 e6 2. c4 f5 3. Nc3 Nf6 4. Nf3 Bb4 5. Qb3 Bxc3+ 6. Qxc3 0-0 7. Bf4 d6 8. e3 Ne4 9. Qc2 Nd7 10. Bd3 Ndf6 11. h3 c5 12. 0-0 cxd4 13. exd4 b6 14. Rfe1 Bb7 15. Nd2 Rc8 16. f3 Nd5 17. Bh2 Nb4 18. Qb3 Nxd2 19. Qxb4 Qg5 20. Kf2 Qh4+ 21. Ke2 Ne4 22. Rf1 Ng3+ 23. Bxg3 Qxg3 24. Rf2 Qf4 25. Qc3 e5 26. dxe5 dxe5 27. Qd2 Qd4 28. Qc3 Qxc3 29. bxc3 Ba6 30. g4 Bxc4 31. Rd1 Bxd3+ 32. Rxd3 Rc7 33. Rf1 fxg4 34. hxg4 Kf7 35. Rb1 Re8 36. Ke3 Rec8 37. c4 Ke7 38. Rbd1 Rf8 39. Rd5 Ke6 40. Rd6+ Ke7 41. R6d5 Kf6 42. Rd6+ Kg5 43. Rh1 g6 44. Rd5 Kf6 45. Rd6+ Kg7 46. Rd5 Rff7 47. Rc1 Rc5 48. Rxc5 bxc5 49. Rd1 h5 50. Rd5 h4 51. Rxe5 h3 52. Kf2 h2 53. Kg2 Rxf3 54. Kxh2 Rf2+ 55. Kg3 Rxa2 56. Rxc5 Kh6 57. Rb5 a6 58. Rd5 Rc2 59. Rc5 Rc3+ 60. Kf4 g5+ 61. Ke4 a5 62. Rc6+ Kg7 63. c5 a4 64. Kd5 Rd3+ 65. Ke6 a3 66. Ra6 Re3+ 67. Kd7 Rd3+ 68. Ke6 Re3+ 69. Kd6 Rd3+ 70. Ke5 Re3+ 71. Kd4 Rg3 72. c6 Rxg4+ 73. Kd3 Rg3+ 74. Kc4 Rg1 75. Rxa3 Rc1+ 76. Rc3 Re1 77. Kd5 Re8 78. c7 Rc8 79. Kd6 Kg6 80. Kd7 Ra8 81. c8Q Rxc8 82. Rxc8 Kh5 83. Ke6 Kh4 84. Kf5 Kh5 85. Rh8# 1-0

[Event "NOR-ch U20"]
[Site "Oslo"]
[Date "2015.07.04"]
[Round "1"]
[White "Nilsen, Martin"]
[Black "Sajjadi, Kimiya"]
[Result "1-0"]
[WhiteElo "2021"]
[BlackElo "1730"]
[PlyCount "95"]
[EventDate "2015.07.04"]
[EventType "swiss"]
[EventRounds "9"]
[EventCountry "NOR"]
[SourceTitle "EXT 2017"]
[Source "ChessBase"]
[SourceDate "2016.10.25"]
[SourceVersion "1"]
[SourceVersionDate "2016.10.25"]
[SourceQuality "1"]

1. e3 Nc6 2. d4 d5 3. c4 Nf6 4. Nc3 Bf5 5. Qb3 e6 6. Qxb7 Nb4 7. c5 Nc2+ 8. Kd1 Nxa1 9. Nb5 Rc8 10. Nxa7 Rb8 11. Bb5+ Nd7 12. Bxd7+ Kxd7 13. Qc6+ Ke7 14. Qa6 Kf6 15. Nf3 Nc2 16. e4 h6 17. exf5 Nb4 18. Qe2 Qd7 19. fxe6 fxe6 20. Ne5 Qe8 21. Re1 Rb7 22. Ng4+ Kf7 23. Nxh6+ Rxh6 24. Bxh6 Kg8 25. Qxe6+ Qxe6 26. Rxe6 gxh6 27. Nc8 Nd3 28. b3 Nxf2+ 29. Kc2 Kf7 30. Re5 Ng4 31. Rf5+ Ke8 32. Kc3 Nxh2 33. Rxd5 Rb8 34. Na7 Ra8 35. Nb5 Rc8 36. c6 Be7 37. Rd7 Bd8 38. d5 Ng4 39. Rh7 Nf6 40. Rh8+ Kf7 41. d6 Ne4+ 42. Kd3 Nc5+ 43. Kc4 cxd6 44. Nxd6+ Kg7 45. Nxc8 Kxh8 46. Kxc5 Kg7 47. b4 Kf7 48. b5 1-0

[Event "Fagernes Norsk op-B"]
[Site "Fagernes"]
[Date "2015.03.29"]
[Round "2"]
[White "Engevik, Bjarne Johan"]
[Black "Nilsen, Martin"]
[Result "0-1"]
[WhiteElo "1819"]
[BlackElo "2025"]
[PlyCount "52"]
[EventDate "2015.03.29"]
[EventType "swiss"]
[EventRounds "9"]
[EventCountry "NOR"]
[SourceTitle "EXT 2016"]
[Source "ChessBase"]
[SourceDate "2015.10.08"]
[SourceVersion "1"]
[SourceVersionDate "2015.10.08"]
[SourceQuality "1"]

1. e4 e6 2. c4 c5 3. Nc3 Nc6 4. d3 a6 5. g3 g6 6. Bg2 Bg7 7. Nge2 Nge7 8. 0-0 0-0 9. f4 f5 10. e5 d6 11. Be3 b6 12. d4 dxe5 13. dxe5 Qc7 14. Qd6 Qb7 15. Rfd1 Re8 16. Nb5 Bf8 17. Qc7 axb5 18. Qxb7 Bxb7 19. cxb5 Na5 20. Bxb7 Nxb7 21. Rd7 Na5 22. Rc1 Red8 23. Rcd1 Rxd7 24. Rxd7 Nc4 25. Bc1 Rxa2 26. Nc3 Ra1 0-1

[Event "Fagernes Norsk op-B"]
[Site "Fagernes"]
[Date "2015.03.29"]
[Round "8"]
[White "Nilsen, Martin"]
[Black "Bentsen, Hakon"]
[Result "1-0"]
[WhiteElo "2025"]
[BlackElo "2050"]
[PlyCount "49"]
[EventDate "2015.03.29"]
[EventType "swiss"]
[EventRounds "9"]
[EventCountry "NOR"]
[SourceTitle "EXT 2016"]
[Source "ChessBase"]
[SourceDate "2015.10.08"]
[SourceVersion "1"]
[SourceVersionDate "2015.10.08"]
[SourceQuality "1"]

1. e3 e5 2. c4 Nf6 3. Nc3 c6 4. Nf3 Bd6 5. d4 exd4 6. exd4 0-0 7. Be2 Bb4 8. 0-0 d5 9. Bg5 dxc4 10. Ne5 Be6 11. Bxc4 Bxc4 12. Nxc4 Be7 13. Qb3 b5 14. Ne3 Qxd4 15. Nf5 Qe5 16. Nxe7+ Qxe7 17. Rfe1 Qc7 18. Bxf6 gxf6 19. Ne4 Nd7 20. Rad1 Rae8 21. Qd3 Qf4 22. g3 Qg4 23. f3 Qf5 24. Qxd7 Qxf3 25. Nxf6+ 1-0

[Event "Gibraltar Masters 13th"]
[Site "Caleta"]
[Date "2015.02.04"]
[Round "9"]
[White "Holleland, Sigve"]
[Black "Nilsen, Martin"]
[Result "1/2-1/2"]
[WhiteElo "2116"]
[BlackElo "2011"]
[PlyCount "73"]
[EventDate "2015.01.27"]
[EventType "swiss"]
[EventRounds "10"]
[EventCountry "GGB"]
[SourceTitle "CBM 165"]
[Source "ChessBase"]
[SourceDate "2015.03.11"]
[SourceVersion "1"]
[SourceVersionDate "2015.03.11"]
[SourceQuality "1"]

1. c4 e6 2. g3 f5 3. Bg2 Nf6 4. Nf3 Be7 5. d3 0-0 6. Nc3 Nc6 7. 0-0 b6 8. d4 Bb4 9. d5 Bxc3 10. dxc6 Bb4 11. cxd7 Bb7 12. Qb3 Qe7 13. Rd1 Bd6 14. Nd4 Bxg2 15. Kxg2 Nxd7 16. Nb5 Nc5 17. Qe3 Rad8 18. Nxd6 Rxd6 19. Rxd6 Qxd6 20. b4 Ne4 21. f3 Nf6 22. b5 Rd8 23. Rb1 Kf7 24. Rb3 Qd1 25. Rd3 Rxd3 26. exd3 Nd7 27. Qd2 Qxd2+ 28. Bxd2 Ne5 29. Bf4 Nxd3 30. Bxc7 Nb2 31. c5 Nc4 32. c6 Ke7 33. Bb8 Kd8 34. a4 e5 35. f4 e4 36. Be5 g6 37. Kf2 1/2-1/2

[Event "Gibraltar Challengers-B 13th"]
[Site "Caleta"]
[Date "2015.02.02"]
[Round "3"]
[White "Gonzalez Gonzalez, Alfonso"]
[Black "Nilsen, Martin"]
[Result "1-0"]
[WhiteElo "2160"]
[BlackElo "2011"]
[PlyCount "71"]
[EventDate "2015.01.31"]
[EventType "swiss"]
[EventRounds "5"]
[EventCountry "GGB"]
[SourceTitle "CBM 164 Extra"]
[Source "ChessBase"]
[SourceDate "2015.03.02"]
[SourceVersion "1"]
[SourceVersionDate "2015.03.02"]
[SourceQuality "1"]

1. e4 e6 2. Qe2 e5 3. f4 exf4 4. Nf3 g5 5. h4 g4 6. Ne5 Qe7 7. d4 Nf6 8. Nc3 d6 9. Bxf4 Nh5 10. Bg5 f6 11. Nd5 Qg7 12. Bh6 Qxh6 13. Nxc7+ Ke7 14. Nd5+ Ke8 15. Qc4 dxe5 16. Qxc8+ Kf7 17. Bc4 Kg7 18. Qxb7+ Kg6 19. 0-0 Qg7 20. Qxa8 Bd6 21. Be2 Qd7 22. Rf5 Qa4 23. Bxg4 Qxd4+ 24. Kh2 Rf8 25. Bxh5+ Kh6 26. Nxf6 Rxf6 27. Rxf6+ Kxh5 28. Kh3 Qe3+ 29. Rf3 Qb6 30. Raf1 Be7 31. Qd5 Qg6 32. Qf7 Qxf7 33. Rxf7 Bd8 34. R1f6 Bxf6 35. Rxf6 h6 36. g4# 1-0

[Event "Gibraltar Masters 13th"]
[Site "Caleta"]
[Date "2015.02.02"]
[Round "7"]
[White "Nilsen, Martin"]
[Black "Zimmermann, Rene"]
[Result "0-1"]
[WhiteElo "2011"]
[BlackElo "2172"]
[PlyCount "32"]
[EventDate "2015.01.27"]
[EventType "swiss"]
[EventRounds "10"]
[EventCountry "GGB"]
[SourceTitle "CBM 165"]
[Source "ChessBase"]
[SourceDate "2015.03.11"]
[SourceVersion "1"]
[SourceVersionDate "2015.03.11"]
[SourceQuality "1"]

1. e3 Nf6 2. d4 g6 3. Nf3 Bg7 4. c4 0-0 5. Nc3 d6 6. Be2 Nbd7 7. 0-0 e5 8. b4 Re8 9. d5 a5 10. bxa5 Rxa5 11. Nd2 Nc5 12. Nb3 Nxb3 13. Qxb3 Nd7 14. Qc2 Nc5 15. Ne4 Nxe4 16. Qxe4 Bf5 0-1

[Event "London Classic op 6th"]
[Site "London"]
[Date "2014.12.14"]
[Round "9"]
[White "Shamima, Akter Liza"]
[Black "Nilsen, Martin"]
[Result "1-0"]
[WhiteElo "2159"]
[BlackElo "2006"]
[PlyCount "113"]
[EventDate "2014.12.08"]
[EventType "swiss"]
[EventRounds "9"]
[EventCountry "ENG"]
[SourceTitle "CBM 163 Extra"]
[Source "ChessBase"]
[SourceDate "2014.12.23"]
[SourceVersion "1"]
[SourceVersionDate "2014.12.23"]
[SourceQuality "1"]

1. d4 d5 2. c4 c6 3. Nf3 Nf6 4. Nc3 g6 5. Bf4 Bg7 6. h3 0-0 7. e3 Be6 8. Qb3 Qb6 9. c5 Qxb3 10. axb3 Nbd7 11. b4 Ne4 12. Bd3 Bf5 13. g4 Nxc3 14. gxf5 Ne4 15. Rg1 Kh8 16. Ke2 a6 17. Ne5 Rad8 18. f3 Nef6 19. fxg6 fxg6 20. Bg5 Nxe5 21. dxe5 Ng8 22. f4 Rde8 23. Rg4 Bh6 24. Rag1 Bxg5 25. Rxg5 Nh6 26. h4 Nf7 27. R5g2 Rg8 28. Rh2 e6 29. Kd2 Ra8 30. e4 Raf8 31. exd5 cxd5 32. b5 axb5 33. Bxb5 Nd8 34. Ke3 Nc6 35. Bd3 Nb4 36. Bb5 Nc6 37. Ra1 Ra8 38. Rhh1 Rgf8 39. Be2 Ne7 40. Bg4 Nf5+ 41. Bxf5 gxf5 42. b4 Kg7 43. b5 Rfc8 44. Kd4 Kh6 45. b6 Kh5 46. Rhb1 Rxa1 47. Rxa1 Kxh4 48. Rh1+ Kg4 49. Rxh7 Rb8 50. Re7 Kxf4 51. Rxe6 Kg3 52. Rg6+ Kf3 53. Kxd5 Rd8+ 54. Rd6 Rf8 55. e6 f4 56. e7 Re8 57. Ke6 1-0

[Event "Gibraltar Masters 12th"]
[Site "Caleta"]
[Date "2014.02.04"]
[Round "8"]
[White "Nilsen, Martin"]
[Black "Hamer, Martyn"]
[Result "1/2-1/2"]
[WhiteElo "1878"]
[BlackElo "2016"]
[PlyCount "150"]
[EventDate "2014.01.28"]
[EventType "swiss"]
[EventRounds "10"]
[EventCountry "GGB"]
[SourceTitle "CBM 159"]
[Source "ChessBase"]
[SourceDate "2014.03.17"]
[SourceVersion "1"]
[SourceVersionDate "2014.03.17"]
[SourceQuality "1"]

1. e4 c5 2. c3 Nf6 3. e5 Nd5 4. d4 cxd4 5. Nf3 d6 6. Bc4 dxe5 7. Nxe5 Nc6 8. Nxf7 Kxf7 9. Qf3+ Kg8 10. Qxd5+ Qxd5 11. Bxd5+ e6 12. Bxc6 bxc6 13. cxd4 Ba6 14. Be3 Rb8 15. b3 Bb4+ 16. Nd2 Kf7 17. 0-0-0 Be2 18. Rde1 Bd3 19. Kb2 Rhd8 20. Rc1 Bxd2 21. Bxd2 Be4 22. f3 Bd5 23. Rc5 Kf6 24. Re1 g5 25. Ra5 Rb7 26. Rc5 Rg8 27. Rc2 Rbg7 28. Rf1 Ke7 29. Be3 Rf7 30. Rcf2 g4 31. fxg4 Rxf2+ 32. Rxf2 Rxg4 33. g3 Rg7 34. Ka3 Kd7 35. Rf8 Kc7 36. Kb4 Kb6 37. Bf4 Ka6 38. h4 Rb7+ 39. Ka4 h5 40. Rf6 Rb5 41. Ka3 Rb7 42. Rh6 Bf3 43. Rxe6 Rd7 44. Be5 Kb5 45. Rf6 Bg4 46. Rf8 Rb7 47. Kb2 Re7 48. Rf6 a6 49. Kc3 Rd7 50. Rf8 Kb6 51. Kb4 Rd5 52. a4 Kb7 53. Re8 Kb6 54. Rh8 Kb7 55. Kc4 Be2+ 56. Kc3 Bg4 57. b4 Kb6 58. a5+ Ka7 59. Bc7 Kb7 60. Bb6 Rd7 61. Kd3 Rd5 62. Ke4 Rd7 63. Rg8 Rd5 64. Rxg4 hxg4 65. Kf4 Kc8 66. Kxg4 Kd7 67. h5 Ke6 68. Kh4 Kf7 69. g4 Kf6 70. g5+ Kf5 71. g6 Rd7 72. Bc5 Kf6 73. Kg4 Rd5 74. Kh4 Rd7 75. Kg4 Rd5 1/2-1/2

[Event "Gibraltar Masters 12th"]
[Site "Caleta"]
[Date "2014.02.02"]
[Round "6"]
[White "Nilsen, Martin"]
[Black "Osuna Vega, Enrique"]
[Result "0-1"]
[WhiteElo "1878"]
[BlackElo "2141"]
[PlyCount "80"]
[EventDate "2014.01.28"]
[EventType "swiss"]
[EventRounds "10"]
[EventCountry "GGB"]
[SourceTitle "CBM 159"]
[Source "ChessBase"]
[SourceDate "2014.03.17"]
[SourceVersion "1"]
[SourceVersionDate "2014.03.17"]
[SourceQuality "1"]

1. d4 Nf6 2. Bg5 d6 3. Nf3 Nbd7 4. e3 e5 5. Bd3 Be7 6. Nbd2 exd4 7. exd4 0-0 8. c4 Re8 9. Qc2 Nf8 10. 0-0-0 b5 11. Bxf6 Bxf6 12. Be4 Rb8 13. Bc6 Bd7 14. cxb5 Bxc6 15. bxc6 d5 16. Rhe1 Rxe1 17. Rxe1 Ne6 18. Nb3 Rb4 19. Kb1 Rc4 20. Qe2 Rxc6 21. Ne5 Rb6 22. g3 g6 23. f4 Qd6 24. f5 Ng5 25. fxg6 hxg6 26. Qg4 Qe6 27. Qf4 Ne4 28. Nd3 Qd6 29. Qg4 Qe6 30. Qf4 Qd6 31. Qg4 Kg7 32. Ndc5 a5 33. Ka1 Rb4 34. Nd3 Rc4 35. Nf4 a4 36. Nh5+ Kh6 37. Nxf6 Qxf6 38. Qh3+ Kg7 39. Rf1 axb3 40. Rxf6 Rc1# 0-1